[Event "Barcelona Tancat-B 3rd"]
[Site "Barcelona"]
[Date "2011.11.26"]
[Round "9"]
[White "Vazquez Moreno, Josep Maria"]
[Black "Castillo, Sergio"]
[Result "1/2-1/2"]
[WhiteElo "2107"]
[BlackElo "2136"]
[PlyCount "49"]
[EventDate "2011.10.01"]
[EventType "tourn"]
[EventRounds "9"]
[EventCountry "ESP"]
[SourceTitle "EXT 2013"]
[Source "ChessBase"]
[SourceDate "2012.11.22"]
[SourceVersion "1"]
[SourceVersionDate "2012.11.22"]
[SourceQuality "1"]

1. e4 e5 2. Nf3 Nc6 3. Nc3 Nf6 4. d4 exd4 5. Nxd4 Bb4 6. Nxc6 bxc6 7. Bd3 d5 8. exd5 cxd5 9. 0-0 0-0 10. Bg5 c6 11. Na4 Re8 12. c4 Be6 13. Rc1 h6 14. Bh4 Bd6 15. cxd5 cxd5 16. Nc5 Rb8 17. Nxe6 Rxe6 18. b3 Qa5 19. Bxf6 Rxf6 20. Rc2 Re8 21. Re2 Rxe2 22. Qxe2 Re6 23. Qc2 g6 24. g3 Qb4 25. Qc6 1/2-1/2

[Event "Barcelona Tancat-B 3rd"]
[Site "Barcelona"]
[Date "2011.11.05"]
[Round "6"]
[White "Castillo, Sergio"]
[Black "Sanfeliu Fabregas, Albert"]
[Result "1/2-1/2"]
[WhiteElo "2136"]
[BlackElo "2089"]
[PlyCount "153"]
[EventDate "2011.10.01"]
[EventType "tourn"]
[EventRounds "9"]
[EventCountry "ESP"]
[SourceTitle "EXT 2013"]
[Source "ChessBase"]
[SourceDate "2012.11.22"]
[SourceVersion "1"]
[SourceVersionDate "2012.11.22"]
[SourceQuality "1"]

1. d4 Nf6 2. c4 e5 3. dxe5 Ng4 4. Bf4 Bb4+ 5. Nc3 Nc6 6. Nf3 Qe7 7. Qc2 Ngxe5 8. Nxe5 Nxe5 9. e3 0-0 10. a3 Bxc3+ 11. Qxc3 Ng6 12. Bg3 d6 13. Be2 f5 14. Qd2 Bd7 15. 0-0 Bc6 16. Rfe1 Rae8 17. Rac1 Nh4 18. Bf1 Qg5 19. b4 b6 20. c5 bxc5 21. bxc5 d5 22. Bxh4 Qxh4 23. g3 Qf6 24. Bg2 Rd8 25. Red1 Rd7 26. Qb4 Rfd8 27. Rd4 Qf8 28. Rcd1 h6 29. Qa5 Kh7 30. Rc1 Rb8 31. Qd2 Qf7 32. Rd1 Rbd8 33. Qd3 g6 34. Qa6 Qe6 35. Rb1 Re7 36. Rdb4 g5 37. Qd3 a5 38. Rb8 Ree8 39. Rxd8 Rxd8 40. g4 Kg6 41. Bh3 Qe4 42. gxf5+ Kf6 43. Rd1 Rb8 44. Qc3+ Kf7 45. Bg2 Qxf5 46. Qxa5 Rb7 47. Qa6 Qc2 48. Bf3 Qxc5 49. Qd3 Kg7 50. Bxd5 Bxd5 51. Qxd5 Qxd5 52. Rxd5 Kf6 53. Rc5 h5 54. Kg2 Ra7 55. Kf3 Kg6 56. a4 Rxa4 57. Rxc7 Rh4 58. Rc6+ Kf5 59. Rc5+ Kf6 60. Kg3 Rg4+ 61. Kf3 Rh4 62. Kg2 Rg4+ 63. Kf1 Rh4 64. Kg1 Rg4+ 65. Kh1 h4 66. h3 Ra4 67. Kg2 Ra1 68. Rd5 Rb1 69. Kf3 Rg1 70. e4 Kg6 71. Rd3 Kf6 72. Rd6+ Ke7 73. Rg6 Kf7 74. Ra6 Kg7 75. Ke2 Rh1 76. Ra3 Kf6 77. Rf3+ 1/2-1/2

[Event "Barcelona Tancat-B 3rd"]
[Site "Barcelona"]
[Date "2011.10.22"]
[Round "4"]
[White "Castillo, Sergio"]
[Black "Echarri Torres, Miguel"]
[Result "1-0"]
[WhiteElo "2136"]
[BlackElo "2075"]
[PlyCount "61"]
[EventDate "2011.10.01"]
[EventType "tourn"]
[EventRounds "9"]
[EventCountry "ESP"]
[SourceTitle "EXT 2013"]
[Source "ChessBase"]
[SourceDate "2012.11.22"]
[SourceVersion "1"]
[SourceVersionDate "2012.11.22"]
[SourceQuality "1"]

1. e4 c5 2. c3 d5 3. exd5 Qxd5 4. d4 Nf6 5. Nf3 g6 6. Na3 a6 7. Nc4 Nbd7 8. dxc5 Qxc5 9. a4 Bg7 10. Be2 0-0 11. a5 Nd5 12. 0-0 b5 13. axb6 N7xb6 14. Nxb6 Nxb6 15. Be3 Qc7 16. Qb3 Nd7 17. Qa3 Nf6 18. Rfd1 Bg4 19. h3 Be6 20. Nd4 Bd5 21. c4 Be4 22. Nb3 Bc2 23. Rd2 Bxb3 24. Qxb3 Rfb8 25. Qa3 Ne4 26. Rc2 Qe5 27. Rd1 Rxb2 28. Bd4 Rxc2 29. Bxe5 Rxe2 30. Bxg7 Nxf2 31. Rf1 1-0

[Event "Barcelona Tancat Sant Marti 2nd"]
[Site "Barcelona"]
[Date "2010.11.27"]
[Round "9"]
[White "Gonzalez Verges, Alex"]
[Black "Castillo, Sergio"]
[Result "1-0"]
[WhiteElo "2144"]
[BlackElo "2140"]
[PlyCount "117"]
[EventDate "2010.10.02"]
[EventType "tourn"]
[EventRounds "9"]
[EventCountry "ESP"]
[SourceTitle "EXT 2024"]
[Source "ChessBase"]
[SourceDate "2023.10.10"]
[SourceVersion "1"]
[SourceVersionDate "2023.10.10"]
[SourceQuality "1"]

1. e4 e5 2. Nc3 Nf6 3. Bc4 Nxe4 4. Qh5 Nd6 5. Bb3 Be7 6. Nf3 Nc6 7. Nxe5 g6 8. Nxc6 dxc6 9. Qd1 Nf5 10. d3 0-0 11. 0-0 Nd4 12. Re1 a5 13. Be3 Nxb3 14. axb3 f5 15. Bf4 Bd6 16. Qf3 Qh4 17. Bxd6 cxd6 18. Qe3 f4 19. Qe7 Qxe7 20. Rxe7 Rf7 21. Rxf7 Kxf7 22. Ra4 f3 23. Rf4+ Ke7 24. Rxf3 Be6 25. Re3 b5 26. Re1 Ra6 27. f3 d5 28. Kf2 Kd6 29. h4 Bd7 30. d4 Bf5 31. Re2 a4 32. bxa4 b4 33. Nd1 Rxa4 34. b3 Ra2 35. c4 Rxe2+ 36. Kxe2 Bc2 37. c5+ Ke6 38. Kd2 Bxb3 39. Ne3 Bc4 40. Ng4 Kf5 41. g3 Bb5 42. Ne5 Ba4 43. Nd3 b3 44. Kc3 Bb5 45. Ne5 Ba4 46. Nd3 Bb5 47. Nc1 Bc4 48. Nxb3 Be2 49. Na5 Bxf3 50. Nxc6 Ke4 51. Ne7 Bg4 52. c6 Be6 53. c7 Kf3 54. Nxd5 Kxg3 55. Nf6 Kxh4 56. d5 Bf5 57. d6 Kg5 58. Nxh7+ Kf4 59. Nf8 1-0

[Event "Barcelona Tancat Sant Marti 2nd"]
[Site "Barcelona"]
[Date "2010.11.06"]
[Round "6"]
[White "Castillo, Sergio"]
[Black "Shatko, Danil"]
[Result "1-0"]
[WhiteElo "2140"]
[BlackElo "2035"]
[PlyCount "65"]
[EventDate "2010.10.02"]
[EventType "tourn"]
[EventRounds "9"]
[EventCountry "ESP"]
[SourceTitle "EXT 2024"]
[Source "ChessBase"]
[SourceDate "2023.10.10"]
[SourceVersion "1"]
[SourceVersionDate "2023.10.10"]
[SourceQuality "1"]

1. e4 e6 2. d4 d5 3. Nd2 Nf6 4. e5 Nfd7 5. Bd3 c5 6. c3 Nc6 7. Ne2 cxd4 8. cxd4 f6 9. exf6 Nxf6 10. Nf3 Bd6 11. 0-0 Qc7 12. Bg5 0-0 13. Rc1 h6 14. Bh4 Nh5 15. Bg6 Nf4 16. Nxf4 Bxf4 17. Rc3 Bd7 18. Re1 Be8 19. Bc2 Bh5 20. Qd3 g5 21. Bg3 Bxg3 22. hxg3 Qf7 23. Rxe6 Nb4 24. Qe3 Nxc2 25. Rxc2 Rae8 26. Rxe8 Rxe8 27. Ne5 Qf5 28. Rc7 Rf8 29. Rxb7 Qb1+ 30. Kh2 Bg6 31. Ng4 Qd1 32. Nxh6+ Kh8 33. Qe5+ 1-0

[Event "Badalona op 36th"]
[Site "Badalona"]
[Date "2010.08.02"]
[Round "1"]
[White "Bruzon Batista, Lazaro"]
[Black "Castillo, Sergio"]
[Result "1-0"]
[WhiteElo "2653"]
[BlackElo "2161"]
[PlyCount "103"]
[EventDate "2010.08.02"]
[EventType "swiss"]
[EventRounds "9"]
[EventCountry "ESP"]
[SourceTitle "CBM 137 Extra"]
[Source "ChessBase"]
[SourceDate "2010.09.01"]
[SourceVersion "1"]
[SourceVersionDate "2010.09.01"]
[SourceQuality "1"]

1. Nf3 Nf6 2. g3 d5 3. Bg2 g6 4. c4 c6 5. b3 Bg7 6. Bb2 0-0 7. 0-0 Re8 8. Qc2 Bg4 9. d3 Bxf3 10. Bxf3 e6 11. Nd2 Nfd7 12. d4 f5 13. b4 Nf6 14. e3 Nbd7 15. Nb3 Ne4 16. Na5 Qb6 17. a3 Ndf6 18. Rac1 Re7 19. Qd3 g5 20. Nb3 Rae8 21. Bg2 g4 22. Rc2 Rf7 23. Qe2 Bf8 24. Nc5 Qd8 25. Nd3 Bd6 26. Ne5 Rg7 27. b5 cxb5 28. cxd5 exd5 29. Qxb5 Ree7 30. Rfc1 Rc7 31. h4 Rxc2 32. Rxc2 Rc7 33. Qb3 Rxc2 34. Qxc2 Qc7 35. Qa4 Qb6 36. Bxe4 fxe4 37. Nd7 Nxd7 38. Qxd7 Qxb2 39. Qxd6 Qb3 40. Kg2 Kg7 41. h5 Qb5 42. h6+ Kf7 43. Qc7+ Kg6 44. Qg7+ Kh5 45. Qxh7 Qe2 46. Qxb7 Qf3+ 47. Kg1 Qd1+ 48. Kh2 Qf3 49. Qxd5+ Kxh6 50. Qd6+ Kg7 51. Qf4 Qe2 52. Kg2 1-0

[Event "Sabadell op 2nd"]
[Site "Sabadell"]
[Date "2009.09.08"]
[Round "7"]
[White "Gonzalez Garcia, Jose"]
[Black "Castillo, Sergio"]
[Result "1-0"]
[WhiteElo "2509"]
[BlackElo "2123"]
[PlyCount "31"]
[EventDate "2009.09.01"]
[EventType "swiss"]
[EventRounds "9"]
[EventCountry "ESP"]
[SourceTitle "CBM 132 Extra"]
[Source "ChessBase"]
[SourceDate "2009.11.03"]
[SourceVersion "1"]
[SourceVersionDate "2009.11.03"]
[SourceQuality "1"]

1. Nf3 d5 2. g3 Nf6 3. Bg2 c6 4. c4 Bf5 5. cxd5 cxd5 6. Qb3 Qb6 7. Qxb6 axb6 8. Nc3 Nc6 9. d3 e5 10. 0-0 h6 11. Nb5 Ra5 12. a4 Bb4 13. Be3 d4 14. Bd2 Nd5 15. Bxb4 Ndxb4 16. Nd6+ 1-0

[Event "Badalona op 35th"]
[Site "Badalona"]
[Date "2009.08.07"]
[Round "7"]
[White "Castillo, Sergio"]
[Black "Satyapragyan, Swayangsu"]
[Result "0-1"]
[WhiteElo "2092"]
[BlackElo "2423"]
[PlyCount "66"]
[EventDate "2009.08.01"]
[EventType "swiss"]
[EventRounds "9"]
[EventCountry "ESP"]
[SourceTitle "CBM 131 Extra"]
[Source "ChessBase"]
[SourceDate "2009.09.03"]
[SourceVersion "2"]
[SourceVersionDate "2009.09.16"]
[SourceQuality "1"]

1. e4 c5 2. c3 b6 3. d4 Bb7 4. Bd3 Nf6 5. Nd2 e6 6. Ngf3 d5 7. e5 Nfd7 8. Qe2 Nc6 9. a3 a5 10. 0-0 Be7 11. Re1 c4 12. Bc2 b5 13. Nf1 Nb6 14. N3d2 b4 15. axb4 axb4 16. Rxa8 Qxa8 17. f4 g6 18. g4 Qa1 19. Qf3 b3 20. Bb1 Na4 21. f5 Nxb2 22. Bxb2 Qxb2 23. Qh3 Kd7 24. Re2 Qc1 25. fxg6 fxg6 26. Rf2 b2 27. Kg2 Ra8 28. Qf3 Ra1 29. Ng3 Rxb1 30. Nxb1 Qxb1 31. Qe2 Ba3 32. Rf7+ Ne7 33. Rf1 Qc1 0-1

[Event "Barcelona Sants op 11th"]
[Site "Barcelona"]
[Date "2009.07.20"]
[Round "8"]
[White "Gonzalez Rodriguez, Jorge Armando"]
[Black "Castillo, Sergio"]
[Result "1-0"]
[WhiteElo "2429"]
[BlackElo "2092"]
[PlyCount "189"]
[EventDate "2009.07.13"]
[EventType "swiss"]
[EventRounds "9"]
[EventCountry "ESP"]
[SourceTitle "CBM 131 Extra"]
[Source "ChessBase"]
[SourceDate "2009.09.03"]
[SourceVersion "2"]
[SourceVersionDate "2009.09.16"]
[SourceQuality "1"]

1. b3 e5 2. Bb2 Nc6 3. e3 Nf6 4. Bb5 d6 5. d4 Bd7 6. dxe5 Nxe5 7. Be2 Be7 8. Nf3 Nc6 9. c4 0-0 10. Nc3 Re8 11. Nd5 a5 12. a3 Bf5 13. 0-0 h6 14. Nd4 Be4 15. Nb5 Rc8 16. Nxe7+ Qxe7 17. f3 Bg6 18. e4 Nd7 19. Re1 Qd8 20. Qd2 Nc5 21. Bf1 Qg5 22. Qc3 Qe5 23. Qc2 Qg5 24. Rad1 f5 25. exf5 Bxf5 26. Qc3 Ne5 27. Nd4 Bh7 28. g3 Qg6 29. f4 Ng4 30. Bg2 Nd3 31. f5 Qh5 32. Qxd3 Qxh2+ 33. Kf1 Rf8 34. Re7 Ne5 35. Rxe5 dxe5 36. Nf3 Qxg3 37. Bxe5 Qg4 38. Qd5+ Kh8 39. f6 gxf6 40. Rd4 Qg6 41. Bf4 Rg8 42. Ne1 Rce8 43. Rd1 c6 44. Qf3 Re7 45. Nd3 Rge8 46. Nf2 h5 47. Bh3 Rg8 48. Bh2 Qf7 49. a4 Bg6 50. Rd6 Kg7 51. Bg3 Rge8 52. Bh4 Re1+ 53. Kg2 Be4 54. Nxe4 R1xe4 55. Qxf6+ Qxf6 56. Bxf6+ Kf7 57. Bd4 R8e7 58. Kf3 Re1 59. Kf4 Rb1 60. Bf5 Rf1+ 61. Kg5 Re2 62. Rf6+ Ke7 63. Bc5+ Kd8 64. Rf8+ Re8 65. Rf7 Re5 66. Rf8+ Re8 67. Bb6+ Ke7 68. Rxe8+ Kxe8 69. Bxa5 Rf3 70. Bc2 Kd7 71. Bf5+ Kd6 72. Bb6 Rxb3 73. c5+ Kd5 74. a5 Rf3 75. Bc8 Rf7 76. Kxh5 Kd4 77. Kg6 Re7 78. Kf6 Rh7 79. Ke6 Kc4 80. Kd6 Kb5 81. Bf5 Rf7 82. Bd3+ Kb4 83. a6 bxa6 84. Kxc6 a5 85. Kd6 a4 86. c6 a3 87. Bd4 a2 88. c7 Rf8 89. Ke7 Ra8 90. Kd7 Ra7 91. Kd8 Ra3 92. c8Q Rxd3 93. Qc5+ Kb3 94. Qb5+ Kc2 95. Qc4+ 1-0

[Event "Barcelona Sants op 11th"]
[Site "Barcelona"]
[Date "2009.07.19"]
[Round "7"]
[White "Castillo, Sergio"]
[Black "Fernandez Diaz Mascort, Miguel"]
[Result "1-0"]
[WhiteElo "2092"]
[BlackElo "2203"]
[PlyCount "117"]
[EventDate "2009.07.13"]
[EventType "swiss"]
[EventRounds "9"]
[EventCountry "ESP"]
[SourceTitle "CBM 131 Extra"]
[Source "ChessBase"]
[SourceDate "2009.09.03"]
[SourceVersion "2"]
[SourceVersionDate "2009.09.16"]
[SourceQuality "1"]

1. e4 e5 2. Nf3 Nc6 3. Bc4 Be7 4. 0-0 Nf6 5. d4 exd4 6. e5 Ng4 7. Re1 d5 8. Bb5 Be6 9. Qxd4 0-0 10. Bxc6 bxc6 11. h3 c5 12. Qa4 Nh6 13. Nc3 Nf5 14. Rd1 Rb8 15. Qxa7 c6 16. Qa6 Qc7 17. Qe2 Qa7 18. Qe1 h6 19. Ne2 Bd8 20. Nf4 Bb6 21. g4 Ne7 22. Kg2 Ng6 23. Nh5 Rbe8 24. Qd2 d4 25. Nxg7 Kxg7 26. Qxh6+ Kg8 27. Ng5 Nh4+ 28. Qxh4 f6 29. Nxe6 Rxe6 30. exf6 Rfxf6 31. Bd2 Qd7 32. Qg5+ Rg6 33. Qf5 Rgf6 34. Qg5+ Rg6 35. Qh5 Qf7 36. Re1 Ref6 37. f4 Rf5 38. Qh4 Qd5+ 39. Kh2 Rf8 40. Re7 Rg7 41. Rxg7+ Kxg7 42. Re1 Bd8 43. g5 Qf5 44. Qh6+ Kf7 45. g6+ Qxg6 46. Qxg6+ Kxg6 47. Re6+ Rf6 48. Rxf6+ Bxf6 49. Kg3 c4 50. Kf3 Kf5 51. a4 c5 52. a5 Bd8 53. a6 Bb6 54. h4 d3 55. cxd3 cxd3 56. b3 Ba7 57. h5 Bb8 58. h6 Kg6 59. f5+ 1-0

[Event "Barcelona Sants op 11th"]
[Site "Barcelona"]
[Date "2009.07.17"]
[Round "5"]
[White "Forsberg Conde, Martin"]
[Black "Castillo, Sergio"]
[Result "0-1"]
[WhiteElo "1877"]
[BlackElo "2092"]
[PlyCount "56"]
[EventDate "2009.07.13"]
[EventType "swiss"]
[EventRounds "9"]
[EventCountry "ESP"]
[SourceTitle "CBM 131 Extra"]
[Source "ChessBase"]
[SourceDate "2009.09.03"]
[SourceVersion "2"]
[SourceVersionDate "2009.09.16"]
[SourceQuality "1"]

1. e4 e5 2. Nf3 Nc6 3. Bc4 Bc5 4. c3 Nf6 5. d4 exd4 6. e5 d5 7. Bb5 Ne4 8. cxd4 Be7 9. Nc3 Nxc3 10. bxc3 a6 11. Bd3 Bg4 12. Rb1 Rb8 13. h3 Bh5 14. Qa4 0-0 15. Ba3 f6 16. Bxe7 Qxe7 17. Kd2 Bxf3 18. gxf3 fxe5 19. Rxb7 Qg5+ 20. Kc2 Nxd4+ 21. cxd4 Rxb7 22. Qc6 Rfb8 23. Qxd5+ Kh8 24. Kd1 Rb2 25. Bc2 Rd8 26. h4 Qf6 27. Qc5 Qxf3+ 28. Kc1 Rxc2+ 0-1

[Event "Barcelona Sants op 11th"]
[Site "Barcelona"]
[Date "2009.07.16"]
[Round "4"]
[White "Castillo, Sergio"]
[Black "Alcaraz Lopez, Francesco"]
[Result "1-0"]
[WhiteElo "2092"]
[BlackElo "1927"]
[PlyCount "53"]
[EventDate "2009.07.13"]
[EventType "swiss"]
[EventRounds "9"]
[EventCountry "ESP"]
[SourceTitle "CBM 131 Extra"]
[Source "ChessBase"]
[SourceDate "2009.09.03"]
[SourceVersion "2"]
[SourceVersionDate "2009.09.16"]
[SourceQuality "1"]

1. e4 c5 2. c3 d5 3. exd5 Qxd5 4. d4 cxd4 5. cxd4 e6 6. Nc3 Qd8 7. Nf3 Nf6 8. Bf4 a6 9. Bd3 Be7 10. Ne5 0-0 11. 0-0 Nbd7 12. Re1 Nb6 13. Re3 g6 14. Bh6 Re8 15. Bc2 Nbd5 16. Rf3 Nxc3 17. bxc3 Bd7 18. h4 Bc6 19. Rf4 Bd6 20. Nxc6 bxc6 21. Rf3 Nd5 22. h5 Bf8 23. hxg6 hxg6 24. Qd2 Qh4 25. Bg5 Qh7 26. Re1 Bh6 27. Bxh6 1-0

[Event "Barcelona Sants op 11th"]
[Site "Barcelona"]
[Date "2009.07.14"]
[Round "2"]
[White "Castillo, Sergio"]
[Black "Moreno Perez, Norberto"]
[Result "0-1"]
[WhiteElo "2092"]
[BlackElo "1915"]
[PlyCount "76"]
[EventDate "2009.07.13"]
[EventType "swiss"]
[EventRounds "9"]
[EventCountry "ESP"]
[SourceTitle "CBM 131 Extra"]
[Source "ChessBase"]
[SourceDate "2009.09.03"]
[SourceVersion "2"]
[SourceVersionDate "2009.09.16"]
[SourceQuality "1"]

1. e4 e5 2. Nf3 Nc6 3. Bc4 h6 4. d4 exd4 5. Nxd4 Ne5 6. Bb3 c5 7. Nf3 Nxf3+ 8. Qxf3 Nf6 9. 0-0 d6 10. Nc3 Be7 11. Qg3 Nh5 12. Qf3 Nf6 13. e5 dxe5 14. Qg3 Kf8 15. h3 a6 16. a4 Bd6 17. Rd1 Qc7 18. Qh4 Rh7 19. Nd5 Nxd5 20. Bxd5 Bf5 21. Qc4 Ra7 22. Ra3 Bg6 23. Rf3 b5 24. axb5 axb5 25. Qxb5 e4 26. Rc3 Rh8 27. Be3 Ra5 28. Qc4 Qe7 29. Bc6 Kg8 30. Qd5 Bb8 31. Qd8+ Qxd8 32. Rxd8+ Kh7 33. Rxh8+ Kxh8 34. g3 Bd6 35. Rc4 f5 36. Bd5 Bh5 37. g4 fxg4 38. hxg4 Bxg4 0-1

[Event "Sabadell op 1st"]
[Site "Sabadell"]
[Date "2008.07.14"]
[Round "2"]
[White "Movsziszian, Karen"]
[Black "Castillo, Sergio"]
[Result "1-0"]
[WhiteElo "2560"]
[BlackElo "2118"]
[PlyCount "79"]
[EventDate "2008.07.13"]
[EventType "swiss"]
[EventRounds "9"]
[EventCountry "ESP"]
[SourceTitle "EXT 2009"]
[Source "ChessBase"]
[SourceDate "2008.11.26"]
[SourceVersion "1"]
[SourceVersionDate "2008.11.26"]
[SourceQuality "1"]

1. Nf3 Nf6 2. g3 d5 3. Bg2 c6 4. 0-0 Bg4 5. d3 Nbd7 6. Nbd2 e6 7. e4 dxe4 8. dxe4 Ne5 9. Qe1 Nxf3+ 10. Nxf3 Bxf3 11. Bxf3 e5 12. a4 a5 13. Be3 Bb4 14. c3 Be7 15. Qe2 0-0 16. Bg2 Qc7 17. Kh1 Rfe8 18. f3 Rab8 19. Bh3 b5 20. Rfc1 Rb7 21. c4 bxa4 22. Rxa4 Reb8 23. Rc2 Bb4 24. Ra1 Rd8 25. c5 Qe7 26. Bf1 Rbd7 27. Kg2 Ne8 28. Rac1 Nc7 29. f4 Nb5 30. Qg4 h5 31. Qxh5 Nd4 32. Rf2 Nb3 33. fxe5 Nxc1 34. Bc4 Nd3 35. Rf5 Nxc5 36. Bg5 Rd2+ 37. Kh3 Nxe4 38. Bxf7+ Qxf7 39. Qxf7+ Kh7 40. Bxd8 1-0

[Event "Catalunya-chT"]
[Site "Spain"]
[Date "2004.??.??"]
[Round "1"]
[White "Castillo, Sergio"]
[Black "Martinez Pena, Manuel"]
[Result "0-1"]
[WhiteElo "2240"]
[BlackElo "2360"]
[PlyCount "46"]
[EventDate "2004.??.??"]
[EventType "team"]
[EventRounds "9"]
[EventCountry "ESP"]
[SourceTitle "EXT 2007"]
[Source "ChessBase"]
[SourceDate "2006.11.23"]
[SourceVersion "1"]
[SourceVersionDate "2006.11.23"]
[SourceQuality "1"]

1. e4 c5 2. c3 d5 3. exd5 Qxd5 4. d4 e5 5. Nf3 Nc6 6. Nxe5 Nxe5 7. dxe5 Qxe5+ 8. Be2 Bd7 9. Be3 0-0-0 10. Nd2 Nf6 11. Nf3 Qc7 12. Qb3 Bc6 13. Rd1 Rxd1+ 14. Bxd1 Bd6 15. Kd2 Bf4 16. Re1 Ne4+ 17. Kc2 Rd8 18. Be2 Bxe3 19. fxe3 g5 20. Rd1 Rxd1 21. Bxd1 g4 22. Ne1 Qd7 23. Nd3 Ba4 0-1

[Event "Catalunya-chT"]
[Site "Spain"]
[Date "2004.??.??"]
[Round "5"]
[White "Castillo, Sergio"]
[Black "Planas, Rosendo"]
[Result "0-1"]
[WhiteElo "2240"]
[BlackElo "2320"]
[PlyCount "51"]
[EventDate "2004.??.??"]
[EventType "team"]
[EventRounds "9"]
[EventCountry "ESP"]
[SourceTitle "EXT 2007"]
[Source "ChessBase"]
[SourceDate "2006.11.23"]
[SourceVersion "1"]
[SourceVersionDate "2006.11.23"]
[SourceQuality "1"]

1. e4 c6 2. d4 d5 3. exd5 cxd5 4. c4 Nf6 5. Nc3 e6 6. Nf3 Nc6 7. c5 Ne4 8. Bb5 Bd7 9. 0-0 Nxc3 10. bxc3 Be7 11. Re1 0-0 12. Rb1 b6 13. Ba6 Na5 14. Ne5 bxc5 15. Re3 f5 16. Nxd7 Qxd7 17. Bb5 Qd8 18. Rxe6 cxd4 19. cxd4 Rb8 20. Bf4 Rb6 21. Qe1 Bf6 22. Re2 Nc4 23. Be5 Na3 24. Bxf6 Qxf6 25. Rb3 Nxb5 26. Reb2 0-1

[Event "ESP-ch"]
[Site "Barcelona"]
[Date "2000.08.20"]
[Round "3"]
[White "Mellado Trivino, Juan"]
[Black "Castillo, Sergio"]
[Result "1-0"]
[WhiteElo "2463"]
[BlackElo "2280"]
[PlyCount "83"]
[EventDate "2000.08.18"]
[EventType "swiss"]
[EventRounds "9"]
[EventCountry "ESP"]
[SourceTitle "CBM 077 Extra"]
[Source "ChessBase"]
[SourceDate "2000.09.14"]
[SourceVersion "1"]
[SourceVersionDate "2000.09.14"]
[SourceQuality "1"]

1. e4 e5 2. Nf3 Nc6 3. d4 exd4 4. Nxd4 Bc5 5. Nxc6 bxc6 6. Bc4 Ne7 7. Bxf7+ Kxf7 8. Qh5+ Ng6 9. Qxc5 Ba6 10. Qa5 Qc8 11. Qf5+ Ke8 12. Nc3 Rf8 13. Qh5 Kf7 14. Be3 Kg8 15. 0-0-0 d6 16. Qa5 Ne5 17. Bd4 Nc4 18. Qg5 Rf7 19. b3 h6 20. Qg3 c5 21. Be3 Nxe3 22. Qxe3 c4 23. f4 cxb3 24. axb3 Qg4 25. g3 Bb7 26. Rhe1 Qh3 27. Rd2 a5 28. e5 dxe5 29. Qxe5 Qg4 30. Kb2 Qg6 31. Qc5 Qf6 32. Rde2 a4 33. Re6 Qf5 34. Re8+ Rxe8 35. Rxe8+ Kh7 36. Qxf5+ Rxf5 37. Nxa4 Bc6 38. Re7 Ra5 39. Nc3 Ra7 40. Ne2 Bg2 41. Nd4 Bh3 42. Nb5 1-0